|
|
|
|
| LEADER |
00000nam0a2200000 4500 |
| 001 |
297415 |
| 005 |
20231102001015.0 |
| 035 |
|
|
|a (RuTPU)RU\TPU\book\322548
|
| 090 |
|
|
|a 297415
|
| 100 |
|
|
|a 20150608d1983 km y0rusy50 ca
|
| 101 |
0 |
|
|a rus
|
| 102 |
|
|
|a RU
|
| 105 |
|
|
|a y z 001zy
|
| 200 |
1 |
|
|a Оптимальные по точности алгоритмы приближенного вычисления сингулярных интегралов
|f И. В. Бойков
|
| 210 |
|
|
|a Саратов
|c Изд-во Саратовского ун-та
|d 1983
|
| 215 |
|
|
|a 209 с.
|
| 320 |
|
|
|a Библиогр.: с. 197-206
|
| 606 |
1 |
|
|a Интегралы сингулярные
|2 stltpush
|3 (RuTPU)RU\TPU\subj\12766
|9 39488
|
| 610 |
1 |
|
|a приближенные вычисления
|
| 610 |
1 |
|
|a оптимальные алгоритмы
|
| 610 |
1 |
|
|a точность
|
| 610 |
1 |
|
|a асимптотические методы
|
| 610 |
1 |
|
|a квадратурные формулы
|
| 610 |
1 |
|
|a устойчивость
|
| 610 |
1 |
|
|a теоретико-числовые методы
|
| 675 |
|
|
|a 517.518.3
|v 4
|
| 700 |
|
1 |
|a Бойков
|b И. В.
|g Илья Владимирович
|
| 801 |
|
1 |
|a RU
|b 63413507
|c 20150608
|
| 801 |
|
2 |
|a RU
|b 63413507
|c 20181030
|g RCR
|
| 942 |
|
|
|c BK
|